Sports Quiz

Random Sports or NBA Quiz

Big 4 Worst of the Decade (1980s) Quiz Stats

 Plays Quiz Updated Feb 1, 2016

Score 0/40 Timer 04:00
1 Play Today
League Team % Correct
NHLWinnipeg Jets
73.8%
MLBSan Francisco Giants
68.6%
NFLDetroit Lions
68.3%
MLBTexas Rangers
64.5%
MLBCleveland Indians
64.1%
NFLSt. Louis/Phoenix Cards
63.8%
MLBChicago Cubs
63.7%
NFLTampa Bay Bucs
63.3%
MLBChicago White Sox
61.2%
NFLHouston Oilers
60.2%
NFLGreen Bay Packers
58.7%
NBASD/LA Clippers
55.8%
NFLBalt./Indy Colts
55.6%
NHLLos Angeles Kings
55.5%
NBAKC/Sac Kings
55.4%
NFLBuffalo Bills
54.6%
NFLNew Orleans Saints
52.7%
NFLAtlanta Falcons
50.6%
MLBAtlanta Braves
50.3%
MLBPittsburgh Pirates
49.9%
League Team % Correct
MLBSeattle Mariners
49.9%
NFLKansas City Chiefs
49.7%
MLBSan Diego Padres
49.4%
NBAMiami Heat
48.1%
MLBMinnesota Twins
46.5%
NBANew Jersey Nets
46.4%
NBAChicago Bulls
45.8%
NBANew York Knicks
45.1%
NHLToronto Maple Leafs
42.1%
NHLChicago Blackhawks
39.1%
NBAGolden State Warriors
38.4%
NHLDetroit Red Wings
38.3%
NHLVancouver Canucks
37.8%
NHLNJ Devils/Col. Rockies
37.6%
NHLMinnesota North Stars
37.1%
NBACleveland Cavaliers
36.7%
NBACharlotte Hornets
35.5%
NHLPittsburgh Penguins
34.8%
NBAIndiana Pacers
34.5%
NHLHartford Whalers
23.8%

You're not logged in!

Compare scores with friends on all Sporcle quizzes.
OR
Log In

Sporcle TV

Today on Sporcle TV


Watch our educational content, quiz creation guides, and fun videos on Sporcle TV.

Show Comments

Extras

Top Quizzes Today


Score Distribution

Your Account Isn't Verified!

In order to create a playlist on Sporcle, you need to verify the email address you used during registration. Go to your Sporcle Settings to finish the process.

Report this User

Report this user for behavior that violates our Community Guidelines.

Details: